| 000 | 00691nam a2200229 a 4500 | ||
|---|---|---|---|
| 005 | 20231114063554.0 | ||
| 008 | 040223s2003 mx r 000 0 spa d | ||
| 020 | _a9682469104 | ||
| 035 | _aUPN01000132098 | ||
| 049 | _aCG | ||
| 050 | 4 |
_aBF441 _bH5.6 |
|
| 100 | 1 |
_aHinojosa Mora, Marcela Elizabeth _936811 |
|
| 245 | 1 | 0 |
_aPensamiento crítico / _cMarcela E. Hinojosa Mora, Luis Fernando Reyes Terán. |
| 250 | _aPreedición. | ||
| 260 |
_aMéxico : _bTrillas : _bITESM, _c2003. |
||
| 300 |
_a131 p. : _bil. col. |
||
| 650 | 4 |
_aPensamiento crítico _95620 |
|
| 650 | 4 |
_aLógica _96206 |
|
| 650 | 4 |
_aCognición _96446 |
|
| 700 | 1 |
_aReyes Terán, Luis Fernando, _ecoaut. |
|
| 905 | _aLibro | ||
| 999 |
_c104253 _d104253 |
||